[Event "As CC-ch B"]
[Site "As"]
[Date "2017.03.02"]
[Round "6"]
[White "Aalmo, Alexander"]
[Black "Midtgard, Anders"]
[Result "1-0"]
[WhiteElo "1183"]
[BlackElo "1125"]
[PlyCount "83"]
[EventDate "2017.01.12"]
[EventType "swiss"]
[EventRounds "9"]
[EventCountry "NOR"]
[SourceTitle "EXT 2024"]
[Source "ChessBase"]
[SourceDate "2023.10.10"]
[SourceVersion "1"]
[SourceVersionDate "2023.10.10"]
[SourceQuality "1"]

1. d4 g6 2. Nf3 Bg7 3. Bg5 c5 4. e3 Qb6 5. b3 d6 6. c3 Nf6 7. Qc2 0-0 8. Bd3 Qc7 9. Nbd2 Nbd7 10. 0-0 b6 11. Rac1 Bb7 12. h3 Rac8 13. c4 d5 14. cxd5 Nxd5 15. Bh4 Nb4 16. Qb1 Nxd3 17. Qxd3 Qd8 18. d5 Nf6 19. e4 Qd7 20. Ne5 Qd8 21. Rfd1 Nxd5 22. Nxg6 hxg6 23. exd5 Rc7 24. Nc4 Rd7 25. d6 Qc8 26. Bxe7 Re8 27. Qg3 Qc6 28. f3 Bd4+ 29. Kh1 Rdxe7 30. dxe7 Kg7 31. Re1 Qd7 32. Nd6 Bc6 33. Nxe8+ Qxe8 34. Qd6 Qa8 35. Qxc6 Qh8 36. e8Q Qh4 37. Qc7 Qf4 38. Qexf7+ Qxf7 39. Re7 Kh6 40. Rxf7 Be3 41. Rh7+ Kg5 42. Qe5# 1-0

[Event "AS CC-ch B"]
[Site "As"]
[Date "2016.02.18"]
[Round "5"]
[White "Bakken, Svein Erik"]
[Black "Aalmo, Alexander"]
[Result "1-0"]
[WhiteElo "1346"]
[BlackElo "1209"]
[PlyCount "119"]
[EventDate "2016.01.14"]
[EventType "swiss"]
[EventRounds "9"]
[EventCountry "NOR"]
[SourceTitle "EXT 2024"]
[Source "ChessBase"]
[SourceDate "2023.10.10"]
[SourceVersion "1"]
[SourceVersionDate "2023.10.10"]
[SourceQuality "1"]

1. d4 c5 2. dxc5 Qa5+ 3. Nd2 Qxc5 4. Ngf3 Nf6 5. e3 d5 6. Be2 b6 7. 0-0 Bb7 8. Nb3 Qc7 9. Nbd4 e6 10. Nb5 Qd8 11. c4 Be7 12. a3 a6 13. Nbd4 Nbd7 14. cxd5 Nxd5 15. b4 Nc3 16. Qd2 Nxe2+ 17. Qxe2 a5 18. b5 Bf6 19. Bb2 Rc8 20. Rfc1 Nc5 21. Rd1 Qe7 22. a4 0-0 23. Ba3 e5 24. Nb3 Bxf3 25. gxf3 e4 26. Rac1 exf3 27. Qxf3 Bb2 28. Bxc5 bxc5 29. Rc2 Ba3 30. Nxa5 Ra8 31. Nc6 Qg5+ 32. Kh1 Rxa4 33. Rd5 Qf6 34. Qxf6 gxf6 35. Ra2 c4 36. Rd4 Rfa8 37. Rc2 Bc5 38. Rdxc4 Ra1+ 39. Kg2 Bb6 40. Ne7+ Kf8 41. Nd5 Bd8 42. Rc8 Rxc8 43. Rxc8 Ke8 44. Nxf6+ Ke7 45. Nxh7 Kd7 46. Rc5 Be7 47. Rf5 Ke6 48. e4 Ra4 49. f3 Rb4 50. Ng5+ Bxg5 51. Rxg5 Rb2+ 52. Kg3 Rb1 53. Kf4 f6 54. Rf5 Rb2 55. h4 Rh2 56. h5 Rg2 57. Rc5 Kd6 58. Rc6+ Ke7 59. b6 Rb2 60. h6 1-0

[Event "As Autumn"]
[Site "As"]
[Date "2015.10.15"]
[Round "6"]
[White "Sandvik, Sander"]
[Black "Aalmo, Alexander"]
[Result "1-0"]
[WhiteElo "917"]
[BlackElo "1197"]
[PlyCount "87"]
[EventDate "2015.09.03"]
[EventType "swiss"]
[EventRounds "9"]
[EventCountry "NOR"]
[SourceTitle "EXT 2024"]
[Source "ChessBase"]
[SourceDate "2023.10.10"]
[SourceVersion "1"]
[SourceVersionDate "2023.10.10"]
[SourceQuality "1"]

1. e4 d6 2. d4 Nf6 3. Nc3 g6 4. Be3 Bg7 5. f3 a6 6. Qd2 b5 7. 0-0-0 0-0 8. Bh6 Nc6 9. Bxg7 Kxg7 10. Nge2 e5 11. dxe5 dxe5 12. Qxd8 Rxd8 13. Rxd8 Nxd8 14. Kd2 c5 15. Nc1 Ra7 16. Nd3 Rd7 17. Ke3 Ne6 18. Nxe5 Rd8 19. b3 Nd4 20. Bd3 Ng8 21. Ne2 f6 22. Ng4 Nc6 23. c3 Bxg4 24. fxg4 Ne5 25. Nf4 Kf7 26. h3 g5 27. Nd5 Ne7 28. c4 N7c6 29. cxb5 Nxd3 30. bxc6 Ne5 31. c7 Rc8 32. Rc1 Nd7 33. Rc4 Ke6 34. Ra4 Kf7 35. Rxa6 h6 36. Rc6 Kg7 37. Ne7 Nb8 38. Nxc8 Nxc6 39. Nd6 Na7 40. c8Q Nxc8 41. Nxc8 Kf7 42. a4 Ke6 43. Nb6 Kd6 44. Nc4+ 1-0

[Event "As Autumn"]
[Site "As"]
[Date "2015.09.10"]
[Round "2"]
[White "Moen, Olav Baade"]
[Black "Aalmo, Alexander"]
[Result "0-1"]
[WhiteElo "1413"]
[BlackElo "1197"]
[PlyCount "96"]
[EventDate "2015.09.03"]
[EventType "swiss"]
[EventRounds "9"]
[EventCountry "NOR"]
[SourceTitle "EXT 2024"]
[Source "ChessBase"]
[SourceDate "2023.10.10"]
[SourceVersion "1"]
[SourceVersionDate "2023.10.10"]
[SourceQuality "1"]

1. d4 d5 2. c4 c6 3. Bf4 Nf6 4. Nf3 e6 5. Nc3 Bd6 6. e3 Bxf4 7. exf4 dxc4 8. Bxc4 Nd5 9. Ne2 Nd7 10. 0-0 N7f6 11. Ne5 0-0 12. a3 Qc7 13. Rc1 Bd7 14. Qd3 Rad8 15. g4 Bc8 16. g5 Nh5 17. Qf3 g6 18. Bxd5 Rxd5 19. Rfd1 Ng7 20. Ng4 Ne8 21. Nc3 Rd8 22. Ne4 Qb6 23. Qh3 f5 24. Nh6+ Kg7 25. Qc3 Rd5 26. Nc5 Qd8 27. Re1 Nc7 28. Re5 Rxd4 29. Rce1 Re8 30. R5e3 Qd6 31. Nb3 Nb5 32. Qc2 Rxf4 33. Rd1 Qe7 34. Rg3 e5 35. Nc1 Nd4 36. Qd3 Rd8 37. Kg2 c5 38. Nb3 b6 39. Kf1 Bb7 40. Nxd4 Rfxd4 41. Nxf5+ gxf5 42. Qxf5 Rxd1+ 43. Ke2 Ba6+ 44. Kf3 Rf8 45. Qxf8+ Qxf8+ 46. Kg4 Qf4+ 47. Kh5 Be2+ 48. f3 Bxf3+ 0-1

[Event "As Autumn"]
[Site "As"]
[Date "2015.09.03"]
[Round "1"]
[White "Aalmo, Alexander"]
[Black "Lea, Per"]
[Result "0-1"]
[WhiteElo "1197"]
[BlackElo "1564"]
[PlyCount "74"]
[EventDate "2015.09.03"]
[EventType "swiss"]
[EventRounds "9"]
[EventCountry "NOR"]
[SourceTitle "EXT 2024"]
[Source "ChessBase"]
[SourceDate "2023.10.10"]
[SourceVersion "1"]
[SourceVersionDate "2023.10.10"]
[SourceQuality "1"]

1. d4 Nf6 2. Nf3 g6 3. Bg5 Bg7 4. c4 0-0 5. Nc3 h6 6. Bf4 d6 7. h3 Nbd7 8. Qd2 Kh7 9. e4 c5 10. d5 b6 11. Bd3 Ne5 12. Nxe5 dxe5 13. Be3 Ne8 14. 0-0 Nd6 15. Ne2 f5 16. f3 e6 17. b4 exd5 18. cxd5 c4 19. Bc2 Bd7 20. Kh2 Rc8 21. Qe1 Nb5 22. Ba4 Nd4 23. Bd1 b5 24. Rc1 Qb6 25. Qd2 fxe4 26. f4 Qb7 27. Nc3 a6 28. Nxe4 Qxd5 29. Nc3 Qd6 30. Ne4 Qb6 31. Nc5 Qd6 32. Nxd7 Qxd7 33. Bg4 Qd5 34. Bxc8 Rxc8 35. fxe5 Bxe5+ 36. Bf4 Nf3+ 37. gxf3 Qxd2+ 0-1

[Event "Follo op"]
[Site "Follo"]
[Date "2014.09.11"]
[Round "2"]
[White "Aalmo, Alexander"]
[Black "Kjelstrup, Joachim"]
[Result "0-1"]
[WhiteElo "1125"]
[BlackElo "1090"]
[PlyCount "68"]
[EventDate "2014.09.04"]
[EventType "swiss"]
[EventRounds "9"]
[EventCountry "NOR"]
[SourceTitle "EXT 2017"]
[Source "ChessBase"]
[SourceDate "2016.10.25"]
[SourceVersion "1"]
[SourceVersionDate "2016.10.25"]
[SourceQuality "1"]

1. d4 Nc6 2. Nf3 Nf6 3. Bg5 e6 4. e3 Be7 5. c4 d5 6. Nc3 0-0 7. Qc2 Nb4 8. Qb1 c5 9. a3 Nc6 10. Bd3 dxc4 11. Bxf6 cxd3 12. Bxe7 Qxe7 13. Qxd3 cxd4 14. Nxd4 Nxd4 15. Qxd4 Rd8 16. Qe4 a6 17. 0-0 f5 18. Qf3 Ra7 19. Rfd1 b5 20. g3 Rad7 21. Rxd7 Rxd7 22. Rd1 Bb7 23. Qf4 Rxd1+ 24. Nxd1 Qd8 25. Qd4 Qxd4 26. exd4 h5 27. Kf1 Bf3 28. Ne3 Kf7 29. Ke1 Kf6 30. Kd2 g5 31. Kc3 f4 32. Nc2 fxg3 33. hxg3 h4 34. Ne1 Bd5 0-1

[Event "As Follo CC-ch"]
[Site "As"]
[Date "2013.01.17"]
[Round "1"]
[White "Moberg, Jan Rune"]
[Black "Aalmo, Alexander"]
[Result "1-0"]
[WhiteElo "1511"]
[BlackElo "1129"]
[PlyCount "71"]
[EventDate "2013.01.17"]
[EventType "swiss"]
[EventRounds "9"]
[EventCountry "NOR"]
[SourceTitle "EXT 2024"]
[Source "ChessBase"]
[SourceDate "2023.10.10"]
[SourceVersion "1"]
[SourceVersionDate "2023.10.10"]
[SourceQuality "1"]

1. d4 Nf6 2. Bg5 e6 3. e3 d5 4. Bd3 Nbd7 5. Nf3 h6 6. Bh4 c5 7. c3 cxd4 8. exd4 Be7 9. Nbd2 a6 10. Bg3 0-0 11. h3 b5 12. 0-0 Bb7 13. Re1 Rc8 14. Rc1 Re8 15. Qe2 Nh5 16. Bh2 Nhf6 17. Ne5 Nb6 18. b3 Nbd7 19. f4 Qa5 20. Nb1 Nxe5 21. fxe5 Nh7 22. Bf4 Bg5 23. Bxh7+ Kxh7 24. Bxg5 hxg5 25. b4 Qd8 26. Nd2 g6 27. Rf1 Kg7 28. Nb3 Rh8 29. Nc5 Qe7 30. Rf6 Rh4 31. Rcf1 Rf8 32. Qe3 Rh5 33. g4 Rhh8 34. Kg2 Bc8 35. Qxg5 Rh7 36. Rxg6+ 1-0